Simon Cowell Quiz - Statistics

General Stats
  • This quiz has been taken 73 times
  • The average score is 5 of 10
Answer Stats
Question Answer % Correct
Show he created: America's Got ______ Talent
93%
Singing show he created and was a judge on that first aired in 2004 The X Factor
88%
City he was born in London
72%
Opera singer who was signed to his label and has had hits including "I Dreamed A Dream" Susan Boyle
57%
3rd judge on this show Louis Walsh
52%
2nd judge on this show Sharon Osbourne
50%
He is the principal founder of this entertainment company Syco
41%
Singer who is signed to his record label and released the best selling song worldwide of 2008 Leona Lewis
40%
He made an appearance as a judge in the fictional "Far Far Away Idol" in this DreamWorks film Shrek 2
38%
His main television opponent Simon Fuller
9%
No matching quizzes found
Score Distribution
Percent of People with Each Score
Percentile by Number Answered
Your Score History
You have not taken this quiz